Statistics for Top 15 Richest Economies in Asia 1950,2020,2050,2100

Click here to take the quiz!

General Stats

  • This quiz has been taken 106 times
    (104 since last reset)
  • The average score is 58 of 60

Answers on the Map

Answers color-coded by a green-red scale on the quiz's map according to % correct below.
 

Answer Stats

Answer% Correct
China
100%
China
100%
China
100%
China
100%
India
99%
India
99%
India
99%
India
99%
Japan
99%
Japan
99%
Japan
99%
Japan
99%
Saudi Arabia
98%
Saudi Arabia
98%
Saudi Arabia
98%
South Korea
98%
South Korea
98%
South Korea
98%
United Arab Emirates
98%
United Arab Emirates
98%
United Arab Emirates
98%
Indonesia
97%
Indonesia
97%
Indonesia
97%
Indonesia
97%
Iran
97%
Iran
97%
Iran
97%
Iran
97%
Malaysia
97%
Malaysia
97%
Malaysia
97%
Malaysia
97%
Turkey
97%
Turkey
97%
Turkey
97%
Turkey
97%
Iraq
95%
Iraq
95%
Iraq
95%
Vietnam
95%
Vietnam
95%
Vietnam
95%
Vietnam
95%
Pakistan
94%
Pakistan
94%
Pakistan
94%
Pakistan
94%
Philippines
94%
Philippines
94%
Philippines
94%
Philippines
94%
Thailand
94%
Thailand
94%
Israel
93%
Israel
93%
Bangladesh
88%
Bangladesh
88%
Bangladesh
88%
Afghanistan
75%

Score Distribution

Percentile by Number Answered

Percent of People with Each Score

Your Score History

You have not taken this quiz since the last reset